Normal view MARC view
  • Bazán Ramírez, Aldo

Entry Nombre Personal

Number of records used in: 18

001 - NUMERO DE CONTROL

  • campo de control: 38340

003 - IDENTIFICADOR DE NUMERO DE CONTROL

  • campo de control: DLC

005 - FECHA Y HORA DE LA ÜLTIMA TRANSACCIÓN

  • campo de control: 20230828142717.0

008 - DATOS DE LONGITUD FIJA

  • campo de control de longitud fija: 230526n| azannaabn |a aaa

010 ## - NÚMERO DE CONTROL DE LA BIBLIOTECA DEL CONGRESO

  • Número de control LC: n 2016007309

040 ## - FUENTE DE CATALOGACIÓN

  • Agencia original de catalogación: DLC
  • Lenguaje de catalogación: spa
  • Description conventions: rda
  • Agencia de transcripción: DLC
  • Agencia que lo modifica: MX-MxUPN

100 1# - ENCABEZAMIENTO - NOMBRE PERSONAL

  • Nombre personal: Bazán Ramírez, Aldo

370 ## - LUGAR ASOCIADO

  • Other associated place: Ciudad de México (México)
  • Other associated place: Lima (Perú)
  • Other associated place: Cuernavaca (México)
  • Fuente del término: naf

371 ## - DIRECCIÓN

  • Electronic mail address: abazan@uaem.mx

372 ## - CAMPO DE ACTIVIDAD

  • Field of activity: Psicología educativa
  • Fuente del término: lcsh

373 ## - GRUPO ASOCIADO

  • Associated group: Universidad Nacional Autónoma de México
  • Associated group: Universidad Nacional Federico Villarreal
  • Associated group: Universidad Autónoma del Estado de Morelos
  • Fuente del término: naf

374 ## - OCUPACIÓN

  • Occupation: Psicólogo educativo
  • Fuente del término: lcsh

377 ## - LENGUA ASOCIADA

  • Language code: spa

400 1# - VEÁSE - NOMBRE DE PERSONA

  • Personal name: Ramírez, Aldo Bazán

400 1# - VEÁSE - NOMBRE DE PERSONA

  • Personal name: Bazán, Aldo

670 ## - FUENTE EN LA QUE SE LOCALIZARON DATOS

  • Cita de la fuente: Familia-escuela-comunidad, 2014:
  • Información localizada: portada (Aldo Bazán Ramírez) solapa delantera (Aldo Bazán; doctorate in psychology from Univ. Nac. Aut. de México, with specialization in psychology of education and development; master's in psychology, same institution, with specialization in methodology of behavioral theory and research; licentiate in psychology from Univ. Nac. Federico Villarreal, Lima, with specialization in educational psychology; prof.-researcher, Centro de Investigación Transdisciplinar en Psicología, and prof., Fac. de Psicología, both at the Univ. Aut. del Estado de Morelos; his research topics include competencies, evaluation of educational processes, and results of learning and associated variables)

902 ## - CATALOGADOR

  • Catalogador: NDAF/260523